000 00683cab a2200241 4500
001 ABS43290
008 090401t1990 xxu||||| |||| 00| 0 eng d
035 _a(Sirsi) u41240
041 _aeng
110 _aBeard Dove
_9558
245 _aSlimmer margins
260 _c1990
350 _a0
490 _aNew Builder
_v(49) 6 September 1990, 20-22(3)
520 _aThis latest quarterly survey of the building industry by Beard Dove , considers the likely impact of the Gulf crisis .
650 _aBUILT ENVIRONMENT-BUILDING COSTS
650 _aMIDDLE EAST
650 _aRECESSION
650 _aSLUMP
690 _aBUILT ENVIRONMENT
942 _n0
948 _c04/03/1997
999 _c26498
_d26498